| 000 | 00400nam a2200121Ia 4500 | ||
|---|---|---|---|
| 008 | 160609s9999 xx 000 0 und d | ||
| 100 | _aEhrlich, Matthew C. | ||
| 245 | _aRadio Utopia: Postwar Audio Documentary In The Public Interest | ||
| 245 | _cBy:Matthew C. Ehrlich | ||
| 260 | _c2011 | ||
| 650 | _xRADIO AND TV ANNOUNCING | ||
| 856 | _uhttp://file.ebook777.com/017/RadUtoPosAudDocInThePubInt.pdf | ||
| 999 |
_c295804 _d295804 |
||